| 000 | 00643nam a2200229 a 4500 | ||
|---|---|---|---|
| 001 | |||
| 003 | DO-SdBNP | ||
| 005 | 20210723120911.0 | ||
| 008 | 091001s1978 dr r 001 p spa d | ||
| 040 |
_aBPMSU _bspa _c BPMSU |
||
| 082 |
_aRD861.44 _bC745r 1998 _222 |
||
| 100 | 1 | _aConde Pausas, Alfredo | |
| 245 | 1 | 0 |
_aRomance de la nada / _cAlfredo Conde Pausas. |
| 260 |
_aSanto Domingo : _bTaller, _c1978. |
||
| 300 |
_a92 p. ; _c15 cm. |
||
| 500 | _aLibro de versos dividido en cuatro partes. | ||
| 590 | _aInventariado, 2021 | ||
| 650 | 4 | _aPoesÃa dominicana | |
| 650 | 4 | _aLiteratura dominicana. | |
| 910 | _aVMateo | ||
| 942 |
_2ddc _cBK |
||
| 999 |
_c13606 _d13606 |
||